000 01587nam a2200481 i 4500
001 25857
003 KOSZ 005
005 20200729132620.0
008 200729s1973 pl f f 000 0 pol
015 _aUWD 1973/11329
035 _a991034680689705066
035 _a(PL-WaBN)b19334734-48omnis_nlop
035 _ab19334734
035 _a(OCoLC)838881352
035 _a(PL)b0000001933473
035 _a(EXLNZ-48OMNIS_NETWORK)9910026933905606
040 _aWA N
_cWA N
_dKOSZ 005/RW
046 _k1973
080 _a340.12
080 _a(07)
100 1 _aSiuda, Wojciech
_eAutor
245 1 0 _aEncyklopedia prawa dla ekonomistów /
_cWojciech Siuda.
260 _aWarszawa :
_bPaństwowe Wydawnictwo Naukowe,
_c1973.
300 _a273, [1] strony ;
_c24 cm.
336 _aTekst
_btxt
_2rdacontent
337 _aBez urządzenia pośredniczącego
_bn
_2rdamedia
338 _aWolumin
_bnc
_2rdacarrier
380 _aKsiążki
380 _aPublikacje dydaktyczne
385 _mPoziom nauczania
_aSzkoły wyższe
388 1 _a1901-2000
388 1 _a1945-1989
504 _aBibliografia na stronach 273-[274].
521 8 _aPodręcznik dla wyższych szkół ekonomicznych.
650 7 _aPaństwo
_2DBN
650 7 _aTeoria prawa
_2DBN
655 7 _aPodręcznik
_2DBN
658 _aPrawo i wymiar sprawiedliwości
710 2 _aPaństwowe Wydawnictwo Naukowe
_4pbl
856 _uhttp://koha.tu.koszalin.pl/cgi-bin/koha/opac-detail.pl?biblionumber=25857
_yKatalog online BPK
942 _2UKD
_cKS
999 _c25857
_d25857